Švédsko a jednotná měna euro
Diskusia o možných scenároch zavedenia jednotnej meny euro vo Švédsku. Priaznivý vývoj makroekonomických veličín, ktoré musí pre pristúpenie k eurozóne splniť. Technická náročnosť prechodu k jednotnej mene. Dva možné technické scenáre. A. Klasická cesta. B. "Veľký tresk" - varianta, ktorá by znamen...
Salvato in:
| Autore principale: | |
|---|---|
| Natura: | Capitolo di libro |
| Lingua: | ceco |
| Soggetti: | |
| Tags: |
Nessun Tag, puoi essere il primo ad aggiungerne!!
|
MARC
| LEADER | 00000naa$a2200000$$$4500 | ||
|---|---|---|---|
| 001 | 0005399 | ||
| 005 | 20231004073437.8 | ||
| 041 | 0 | |a cze | |
| 044 | |a CZ | ||
| 245 | 1 | 0 | |a Švédsko a jednotná měna euro |c aut. Alena Sojková |
| 520 | |a Diskusia o možných scenároch zavedenia jednotnej meny euro vo Švédsku. Priaznivý vývoj makroekonomických veličín, ktoré musí pre pristúpenie k eurozóne splniť. Technická náročnosť prechodu k jednotnej mene. Dva možné technické scenáre. A. Klasická cesta. B. "Veľký tresk" - varianta, ktorá by znamenala skrátenie prechodnej fázy. Príklady úloh technického charakteru v súvislosti s prechodom Švédska na jednotnú menu. | ||
| 610 | 2 | 0 | |a integrácia menová |
| 610 | 2 | 0 | |a euro |
| 610 | 2 | 0 | |a Švédsko |
| 610 | 2 | 0 | |a eurozóna |
| 610 | 2 | 0 | |a harmonogramy |
| 100 | 1 | |a Sojková, Alena | |